000 00640nam a2200229 a 4500
999 _c3352
_d3352
001 3352
003 BD-JhCC
005 20171112211849.0
008 171112s1998 bg |||| ||a| 00| 0 en d
020 _a9840737511
035 _a(BD-JhCC)3352
040 _aBD-JhCC
_dBD-JhCC
041 _aben
082 _a891.442
_bPAC 1998
245 _aপাঁচটি বিশ্বনাটক /
_cসাঈদ আহমদ
260 _aঢাকা :
_bবাংলা একাডেমী,
_c1998.
300 _a214 mp. :
_c21 cm.
650 _aBengali Drama
700 _aআহমদ, সাঈদ
942 _2ddc
_cBK